| 000 | 00374 a2200157 4500 | ||
|---|---|---|---|
| 003 | Nust | ||
| 005 | 20230131131017.0 | ||
| 040 | _cNust | ||
| 082 | _a808.83,MOR | ||
| 100 |
_aMorley, Christopher _9108230 |
||
| 245 |
_aThunder on the Left / _cChristopher Moreley |
||
| 260 |
_aNew York _bPenguin Book |
||
| 300 | _a182:p | ||
| 650 | _aDrama | ||
| 942 |
_2ddc _cBK _k808.83,MOR |
||
| 999 |
_c186108 _d186108 |
||